000 00826nam a2200253 a 4500
003 BD-DhJNU
005 20250730065315.0
008 840210s1983 couab b 001 0 eng
020 _a086531599X
040 _aBD-DhJNU
_bENG
_cBD-DhJNU
_dBD-DhJNU
082 0 0 _a956 GOC
_223
100 1 _aGoldschmidt, Arthur
245 1 2 _aA concise history of the Middle East /
_cArthur Goldschmidt
250 _a2nd ed., rev. and updated.
260 _aBoulder, Colo. :
_bWestview Press ;
_aCairo, Egypt :
_bAmerican University in Cairo Press,
_c1983.
300 _axvi, 416 p. :
_bill., maps ;
_c25 cm.
336 _atext
_btxt
_2rdacontent
337 _aunmediated
_bn
_2rdamedia
338 _avolume
_bnc
_2rdacarrier
500 _aIncludes index.
504 _aBibliography: p. 377-395.
651 0 _aMiddle East
_xHistory.
942 _cBK
999 _c1961
_d1961